Yakko's world: last! - Statistics

General Stats
  • This quiz has been taken 36 times
  • The average score is 9 of 10
Answer Stats
Picture Hint Answer % Correct
Mauritania
100%
Australia
96%
Fiji
96%
Liechtenstein
96%
Malta
96%
Sudan!
96%
Greece parted Crete
93%
Monaco
93%
None of Palestine image Palestine
93%
Romania parted Transylvania
86%
No matching quizzes found
Score Distribution
Percent of People with Each Score
Percentile by Number Answered
Your Score History
You have not taken this quiz